| 000 | 00847pam a2200253 a 4500 | ||
|---|---|---|---|
| 001 | 2523019 | ||
| 005 | 20180214051042.0 | ||
| 008 | 930114s1994 nyua j b 001 0 eng | ||
| 010 | _a 93016161 | ||
| 020 | _a019508084X (acidfree paper) | ||
| 040 |
_aDLC _cDLC _dDLC |
||
| 041 | _aeng | ||
| 042 | _alcac | ||
| 043 | _an-us--- | ||
| 080 | _a305.40973 Tyl | ||
| 082 | 0 | 0 |
_a305.40973 Tyl _220 |
| 100 | 1 | _a16 | |
| 101 | _ahis | ||
| 245 | 1 | 0 |
_aPushing the limits : _cElaine Tyler May. |
| 504 | _aIncludes bibliographical references (p. 138-140) and index. | ||
| 906 |
_a7 _bcbc _corignew _d1 _eocip _f19 _gy-gencatlg |
||
| 942 |
_2ddc _cBK |
||
| 999 |
_c42488 _d42488 |
||